000 00261nam a2200097Ia 4500
001 639917
005 20250826153437.0
008 250824s9999 xx 000 0 und d
245 0 _aİSTASYONDAKİ GÖREVLİ ANTİK
_cPUŞKİN
260 _bANTİK DÜNYA KLASİKLERİ
999 _c639917
_d639917